Professional Communication Winning the Trajectories (Record no. 12147)

MARC details
000 -LEADER
fixed length control field 00410nam a22001697a 4500
003 - CONTROL NUMBER IDENTIFIER
control field OSt
008 - FIXED-LENGTH DATA ELEMENTS--GENERAL INFORMATION
fixed length control field 240101b |||||||| |||| 00| 0 eng d
020 ## - INTERNATIONAL STANDARD BOOK NUMBER
International Standard Book Number 9788126935772
082 ## - DEWEY DECIMAL CLASSIFICATION NUMBER
Classification number 485.5 SHP
100 ## - MAIN ENTRY--PERSONAL NAME
Personal name SHAMIM,Amna
245 ## - TITLE STATEMENT
Title Professional Communication Winning the Trajectories
250 ## - EDITION STATEMENT
Edition statement 1st Ed
260 ## - PUBLICATION, DISTRIBUTION, ETC. (IMPRINT)
Place of publication, distribution, etc New Delhi
Name of publisher, distributor, etc Atlantic
Date of publication, distribution, etc 2023
300 ## - PHYSICAL DESCRIPTION
Extent 178
650 ## - SUBJECT ADDED ENTRY--TOPICAL TERM
Topical term or geographic name as entry element Language
942 ## - ADDED ENTRY ELEMENTS (KOHA)
Source of classification or shelving scheme Dewey Decimal Classification
Koha item type Text Books
Holdings
Withdrawn status Lost status Source of classification or shelving scheme Damaged status Not for loan Collection code Home library Current library Date acquired Source of acquisition Currency Cost, normal purchase price Bill Number Total Checkouts Full call number Acc. no. / Barcode Date last seen Actual Cost, discounted price Bill Date Koha item type Date last borrowed Checked out
    Dewey Decimal Classification     BBA PIET C-LIBRARY PIET C-LIBRARY 20/12/2023 Zafaa Books and Distributors In rupees 795.00 ZBD0291   485.5 SHP 35161 01/01/2024 516.74 20/12/2023 Reference Books    
    Dewey Decimal Classification     BBA PIET C-LIBRARY PIET C-LIBRARY 20/12/2023 Zafaa Books and Distributors In rupees 795.00 ZBD0291 1 485.5 SHP 35162 15/03/2024 516.74 20/12/2023 Text Books 04/03/2024  
    Dewey Decimal Classification     BBA PIET C-LIBRARY PIET C-LIBRARY 20/12/2023 Zafaa Books and Distributors In rupees 795.00 ZBD0291 2 485.5 SHP 35163 24/09/2025 516.74 20/12/2023 Text Books 19/09/2025  
    Dewey Decimal Classification     BBA PIET C-LIBRARY PIET C-LIBRARY 20/12/2023 Zafaa Books and Distributors In rupees 795.00 ZBD0291 1 485.5 SHP 35164 03/10/2025 516.74 20/12/2023 Text Books 03/10/2025 17/10/2025
    Dewey Decimal Classification     BBA PIET C-LIBRARY PIET C-LIBRARY 20/12/2023 Zafaa Books and Distributors In rupees 795.00 ZBD0291 1 485.5 SHP 35165 15/03/2024 516.74 20/12/2023 Text Books 04/03/2024  

Design & Developed by: PIET Central Library
R70 Miles Stone Pattikalyana Samalkha Panipat 132102
mail ID :- [email protected], Phone No:- 0180-2569700 Ex.216